000 01107cam a2200265 4500
001 agr67000020
003 DLC
005 20260227111025.0
008 690717s1966 dcua 000 0 eng c
010 _aagr67000020
040 _aU.S. Nat'l Agr. Libr.
_cDLC
_dDLC
050 0 0 _aSB608.P45
_bO8 1966
070 0 _a1 Ag84Ah no. 240 1966
100 1 _aOsburn, Max Raymond,
_d1901-
245 1 0 _aControlling insects and diseases of the pecan
_c[by M. R. Osburn and others.
250 _aRev.
260 _aWashington]
_bU.S. Dept. of Agriculture; [for sale by the Superintendent of Documents, U.S. Govt. Print. Off.,
_c1966]
300 _a55 p.
_billus.
_c24 cm.
490 1 _aAgriculture handbook no. 240
500 _aReplaces his Insects and diseases of the pecan and their control, issued as U.S. Dept. of Agriculture. Farmers' bulletin 1829.
650 0 _aPecan
_xDiseases and pests.
650 3 _aPecan
_xPests.
700 1 _aOsburn, Max Raymond,
_d1901-
_tInsects and diseases of the pecan and their control.
830 0 _aAgriculture handbook (United States. Department of Agriculture) ;
_vno. 240.
999 _c12140
_d12140